000
00325 a2200157 4500
001
150819
040
_c
Escola São Tomás de Aquino
100
_a
PEREIRA, Breno Fernandes
240
1
0
_a
Mil
_l
por
245
1
0
_a
Mil
300
_a
80
362
0
_a
2006
440
1
_a
FTD
697
_a
ARTES E RECREAÇÃO
942
_c
BK
999
_c
150819
_d
150819